01400cam a2200325 a 450000100090000000300050000900500170001400800410003101000170007202500340008903700620012304000130018504100130019804200100021104300120022105000220023308200150025524501090027025000120037926001230039130000330051450400410054752002640058854600410085265000250089365000280091870000230094670000170096971000880098614032922Nust20170420163406.0050712s2004 ii a b 100 0 eng  a 2004314921 aI-E-2004-314921; 18-91; 19-91 bLibrary of Congress -- New Delhi Overseas OfficecRs72.00 aDLCcDLC0 aengasan alcode aa-ii---00aN7302b.A686 2004 a954.8bAIY00aArt of ancient India :bcontextualizing social relations /ceditors, Shivaji k. Panikkar and Abha Sheth. a1st ed. a[Baroda] :bMaharaja Sayajirao University of Baroda :bCopies available at University Publication Sales Unit,c[2004?] axii, 93 p. :bill. ;c26 cm. aIncludes bibliographical references. aContributed articles presented at a conference titled theorizing India's pre-modern visual culture: issues of class, caste, gender, and sexualities at Department of Art History and Aesthetics, Maharaja Sayajirao University of Baroda, February 13th-15th, 2003. aIncludes words in Sanskritb(roman). 0aArt, AncientzIndia. 0aArt and societyzIndia.1 aPanikkar, Shivaji.1 aSheth, Abha.2 aMaharaja Sayajirao University of Baroda.bDepartment of Art History and Aesthetics.